000 00307nam a2200121Ia 4500
008 210430s9999 xx 000 0 und d
082 _a530 K391 P
100 _aDonald Q.Kern
245 _aProcess Heat Transfer
_cDonald Q.Kern
260 _aNew york
_bGraw-Hill
_c1950
300 _a871p
942 _cBK
_2ddc
999 _c565981
_d565981